000 00618nam a2200229Ia 4500
003 OSt
005 20220918202521.0
006 a|||||r|||| 00| 0
007 ta
008 220917b |||||||| |||| 00| 0 eng d
024 _a101,844
037 _cTextual
040 _aARTS
_cARTS
_beng
041 _2eng
_aeng
082 _aV218.G4, L5.2-;1
100 _aSatyanarayana K
_9104149
245 0 _aStudy of the history and culture of the Andhras
260 _aN.D
_bPeople Pub
_c1982
650 _aHISTORY
942 _hV218.G4, L5.2-;1
_cTEXL
_2CC
999 _c225304
_d225304